000 00850nam a22002297a 4500
005 20240610164233.0
008 220523b ||||| |||| 00| 0 eng d
020 _a8171951198
040 _cAloy
041 _ahin
082 _223
_a294.4H
_bJAIA
100 _aJain Vishwbharati
_9169958
100 _938434
_dजैन विश्व भारती
245 _aAtma ka darshan: Jain dharm: tatv aur achar
_bआत्मा का दर्शन: जैनधर्म: तत्व और अचार
260 _aLadnum
_bJain Vishw Bharti
_c2005
300 _axii,461p.
_bHB
_c23x13cm.
365 _2Religion
650 _aJainism: जैनधर्म
_938435
650 _aJain Philosophy: जैन तत्व
_938436
700 _aJain Vishw Bharati: जैन विश्व भारती
_938437
942 _2ddc
_cGF
999 _c223060
_d223060